NFL - 2025 Baltimore Ravens Roster - Statistics

General Stats
  • This quiz has been taken 415 times
  • The average score is 14 of 24
Answer Stats
Hint Answer % Correct
QB Lamar Jackson
100%
RB Derrick Henry
97%
WR Zay Flowers
97%
TE Mark Andrews
94%
WR Rashod Bateman
86%
TE Isaiah Likely
85%
FB Patrick Ricard
76%
FS Kyle Hamilton
74%
MLB Roquan Smith
72%
NB Marlon Humphrey
69%
C Tyler Linderbaum
61%
CB Nate Wiggins
59%
LT Ronnie Stanley
58%
WR Nelson Agholor
45%
LB Kyle Van Noy
43%
RT Roger Rosengarten
43%
DT Nnamdi Madubuike
42%
RG Daniel Faalele
34%
NT Travis Jones
33%
SS Ar'Darius Washington
32%
DE Broderick Washington
32%
CB Brandon Stephens
24%
LG Patrick Mekari
23%
LB Tavius Robinson
11%
No matching quizzes found
Score Distribution
Percent of People with Each Score
Percentile by Number Answered
Your Score History
You have not taken this quiz